| 000 | 01123nam a2200253Ia 4500 | ||
|---|---|---|---|
| 999 |
_c39774 _d39774 |
||
| 001 | 6379 | ||
| 003 | GE_BSU | ||
| 005 | 20191122173357.0 | ||
| 008 | 181216s||||||||xx |||||||||||||| ||und|| | ||
| 020 | _a5505011845 | ||
| 040 | _cGE_BSU | ||
| 041 | _ageo | ||
| 080 | _a821.353.1-31 გ-19 | ||
| 100 |
_aგოგებაშვილი, იაკობ _95549 |
||
| 245 |
_aრჩეული თხზულებანი 5 ტომად : _bტ.1 / _cშემდგ.: ვ. გაგუა, დ. გურგენიძე, გ. სიხარულიძე, ლ. ქაჯაია ; მხატვ.: ა. თოდრია. |
||
| 264 |
_aთბილისი : _bგანათლება, _c1989. |
||
| 300 |
_a477 გვ.; _b20 სმ. |
||
| 653 | _aრჩეული თხზულებანი | ||
| 653 | _aპედაგოგიკა | ||
| 700 |
_aგაგუა, ვ. _eშემდგენელი _94471 |
||
| 700 |
_aგურგენიძე, დ. _eშემდგენელი _92207 |
||
| 700 |
_aგაგუა, ვლ. _eტომის რედ. _95550 |
||
| 942 |
_cBK _2udc |
||